Muhammad / (Record no. 542306)

000 -LEADER
fixed length control field 00479cam a2200169 a 4500
020 ## - INTERNATIONAL STANDARD BOOK NUMBER
International Standard Book Number 0192876058 (pbk.)
020 ## - INTERNATIONAL STANDARD BOOK NUMBER
International Standard Book Number 0192876066 (hard)
082 00 - DEWEY DECIMAL CLASSIFICATION NUMBER
Classification number 297.63
-- COO
Author Mark L31,P188
100 1# - MAIN ENTRY--PERSONAL NAME
Personal name Cook, Michael,
9 (RLIN) 37441
245 10 - TITLE STATEMENT
Title Muhammad /
Statement of responsibility, etc. Michael Cook.
260 ## - PUBLICATION, DISTRIBUTION, ETC.
Place of publication, distribution, etc. Oxford ;
-- New York :
Name of publisher, distributor, etc. Oxford University Press,
Date of publication, distribution, etc. 1983.
300 ## - PHYSICAL DESCRIPTION
Extent 94 p. ;
Dimensions 18 cm.
500 ## - GENERAL NOTE
General note Includes index.
526 ## - STUDY PROGRAM INFORMATION NOTE
Program name 0
Interest level 0
Reading level 0
Title point value 297_630000000000000_L31P188
650 ## - SUBJECT ADDED ENTRY--TOPICAL TERM
Topical term or geographic name entry element MCE
9 (RLIN) 379
942 ## - ADDED ENTRY ELEMENTS (KOHA)
Source of classification or shelving scheme
Koha item type Book
Holdings
Withdrawn status Lost status Source of classification or shelving scheme Damaged status Not for loan Permanent Location Current Location Date acquired Total Checkouts Full call number Barcode Date last seen Date last checked out Price effective from Koha item type
          Military College of Engineering (MCE) Military College of Engineering (MCE) 10/01/2013 1 297.63 L31,P188 MCE-25578 05/23/2019 04/24/2019 10/01/2013 Book
© 2023 Central Library, National University of Sciences and Technology. All Rights Reserved.